Isotopic studies of heterogeneous catalysis /

Guardado en:
Autor Principal: Ozaki, Atsumu, 1920-
Formato: Libro
Idioma:English
Publicado: Tokyo : New York : Kodansha ; Academic Press, c1977.
Series:Kodansha scientific books
Materias:
Etiquetas: Agregar Etiqueta
Sin Etiquetas, Sea el primero en etiquetar este registro!
LEADER 00831nam a22002415a 4500
001 EIQ.libpla000718
008 771108s1977####ja#a#####b####001#0#eng#d
005 20060428175609.0
245 1 0 |a Isotopic studies of heterogeneous catalysis /  |c Atsumu Ozaki. 
260 |a Tokyo :  |b Kodansha ;  |a New York :  |b Academic Press,  |c c1977. 
300 |a viii, 239 p. :  |b il. ;  |c 23 cm. 
440 0 |a Kodansha scientific books 
504 |a Incluye referencias bibliográficas e índices. 
020 |a 0125319509 
100 1 |a Ozaki, Atsumu,  |d 1920- 
082 0 0 |a 541/.395 
650 4 |a Catálisis  |x Isótopos. 
650 4 |a Isótopos  |x Catálisis heterogenea. 
650 4 |a Catalysis  |x Isotopes. 
650 4 |a Isotopes  |x Heterogeneous catalysis. 
010 |a  77076821  
040 |a DLC  |c DLC  |d AR-BbSID 
859 |a AR-BbSID  |b BIB. PLAPIQUI  |h 541.395  |i Oz 1  |p 528